000 00536nam a2200229Ia 4500
003 OSt
005 20220912145734.0
006 a|||||r|||| 00| 0
007 ta
008 220909b |||||||| |||| 00| 0 eng d
024 _a74589
037 _cTextbook
040 _aCSL
_beng
_cCSL
041 _aeng
082 _aF531, G8 CS
245 0 _aManufacture of confectionery
260 _c1938
300 _ap.
_ccm.
650 _aCofectionery
942 _hF531, G8 CS
_cTB
_2CC
999 _c37219
_d37219